| 000 | 00428nam a22001457a 4500 | ||
|---|---|---|---|
| 999 |
_c528886 _d528886 |
||
| 020 | _a9788120340053 | ||
| 082 | _a658 CER | ||
| 100 | _aCerto S. Trevis | ||
| 245 |
_aModern Management: Concepts and Skills / Certo S. Trevis _cCerto S. Trevis |
||
| 260 |
_aIndia _bPrentice-Hall _c2012 |
||
| 300 |
_a600 P. _c30CM |
||
| 942 |
_2ddc _cBK |
||
| 650 |
_aManagement _920696 |
||